Socio economic impact of industrialisation on a tribal village (Record no. 501124)

000 -LEADER
fixed length control field 00459cam a22001457a 4500
008 - FIXED-LENGTH DATA ELEMENTS--GENERAL INFORMATION
fixed length control field 180718b1976 xxu||||| |||| 00| 0 eng d
082 ## - DEWEY DECIMAL CLASSIFICATION NUMBER
Classification number APPPA 75-76 RAO
100 ## - MAIN ENTRY--PERSONAL NAME
Personal name Rao, I.S.
245 ## - TITLE STATEMENT
Title Socio economic impact of industrialisation on a tribal village
Statement of responsibility, etc. by I.S. Rao
260 ## - PUBLICATION, DISTRIBUTION, ETC.
Place of publication, distribution, etc. New Delhi
Name of publisher, distributor, etc. Indian Institute of Public Administration
Date of publication, distribution, etc. 1976
300 ## - PHYSICAL DESCRIPTION
Extent 31+p.
650 ## - SUBJECT ADDED ENTRY--TOPICAL TERM
Topical term or geographic name entry element Tribal village
650 ## - SUBJECT ADDED ENTRY--TOPICAL TERM
Topical term or geographic name entry element Industrialisation
650 ## - SUBJECT ADDED ENTRY--TOPICAL TERM
Topical term or geographic name entry element Socio economic impact
Holdings
Withdrawn status Lost status Damaged status Not for loan Permanent Location Current Location Date acquired Full call number Barcode Date last seen Price effective from Koha item type
        Indian Institute of Public Administration Indian Institute of Public Administration 2018-08-04 APPPA 75-76 RAO GR9430 2018-08-04 2018-08-04 GR

Powered by Koha